[Event "HUN-chT2 Toth 0506"]
[Site "Hungary"]
[Date "2005.11.13"]
[Round "3"]
[White "Czegledi, Zsolt"]
[Black "Kevei, Peter"]
[Result "1-0"]
[WhiteElo "2251"]
[BlackElo "2234"]
[PlyCount "80"]
[EventDate "2005.10.16"]
[EventType "team"]
[EventRounds "11"]
[EventCountry "HUN"]
[SourceTitle "EXT 2009"]
[Source "ChessBase"]
[SourceDate "2008.11.26"]
[SourceVersion "1"]
[SourceVersionDate "2008.11.26"]
[SourceQuality "1"]
[WhiteTeam "Takisz"]
[BlackTeam "Maroczy"]
[WhiteTeamCountry "HUN"]
[BlackTeamCountry "HUN"]

1. d4 Nf6 2. Nf3 g6 3. c4 Bg7 4. Nc3 0-0 5. e4 d6 6. Be2 e5 7. 0-0 exd4 8. Nxd4 Re8 9. f3 Nc6 10. Nxc6 bxc6 11. Bg5 h6 12. Bh4 Be6 13. Qa4 Qb8 14. Rab1 Qb7 15. f4 g5 16. fxg5 hxg5 17. Bxg5 Qb6+ 18. Kh1 Nd7 19. Bh4 Bd4 20. Qc2 Bg7 21. b4 Qd4 22. Nd1 c5 23. b5 Nf6 24. Nf2 Bd7 25. Bf3 Rab8 26. Bg3 Be6 27. Be2 Nd7 28. Bf4 Qc3 29. Qxc3 Bxc3 30. Rb3 Bd4 31. Rg3+ Kf8 32. Ng4 Ke7 33. Ra3 Rb7 34. Rh3 Rg8 35. Rh4 Nb6 36. Nh6 Rg7 37. Nf5+ Bxf5 38. exf5 Na4 39. Rh6 Bf6 40. Re1 Rb8 1-0

[Event "HUN-chT2 Toth 0405"]
[Site "Hungary"]
[Date "2005.04.24"]
[Round "11"]
[White "Kevei, Peter"]
[Black "Andor, Laszlo"]
[Result "1-0"]
[WhiteElo "2184"]
[BlackElo "2146"]
[PlyCount "117"]
[EventDate "2004.09.26"]
[EventType "team"]
[EventRounds "11"]
[EventCountry "HUN"]
[SourceTitle "EXT 2009"]
[Source "ChessBase"]
[SourceDate "2008.11.26"]
[SourceVersion "1"]
[SourceVersionDate "2008.11.26"]
[SourceQuality "1"]
[WhiteTeam "Maroczy"]
[BlackTeam "Bekes"]
[WhiteTeamCountry "HUN"]
[BlackTeamCountry "HUN"]

1. e4 c5 2. Nf3 Nc6 3. d4 cxd4 4. Nxd4 Nf6 5. Nc3 g6 6. Nxc6 bxc6 7. e5 Ng8 8. Be3 Bg7 9. f4 Rb8 10. Bc4 Qa5 11. 0-0 Ba6 12. b4 Rxb4 13. Bxa6 Qxa6 14. Bc5 Rb7 15. Rb1 Nh6 16. Rxb7 Qxb7 17. Qd3 0-0 18. Rb1 Qc7 19. Bxe7 Re8 20. Bd6 Qa5 21. Rb7 Nf5 22. Bb4 Qd8 23. Ne4 h5 24. Qxd7 Qxd7 25. Rxd7 a5 26. Bxa5 Ne3 27. c3 Bxe5 28. fxe5 Rxe5 29. Nf6+ Kg7 30. Bd8 Rf5 31. h4 Rf1+ 32. Kh2 Rf2 33. Ne4 Ng4+ 34. Kg3 Rxa2 35. Bg5 Re2 36. Rd4 Re1 37. Ra4 Re2 38. Rc4 f6 39. Bc1 Ne5 40. Ra4 Ng4 41. Kf3 Re1 42. Bd2 Rh1 43. Kg3 Rd1 44. Rd4 Rf1 45. Rd7+ Kg8 46. Rd6 c5 47. Nxc5 Kf7 48. Ne4 Ke7 49. Rd4 Rb1 50. Bf4 Rb2 51. Rd2 Rb3 52. Rc2 Kf7 53. Nf2 Ne5 54. Bxe5 fxe5 55. Ne4 Rb6 56. Ra2 Ke6 57. Ra6 Rxa6 58. Nc5+ Kd5 59. Nxa6 1-0

[Event "HUN-chT2 Toth 0405"]
[Site "Hungary"]
[Date "2004.11.21"]
[Round "3"]
[White "Kevei, Peter"]
[Black "Ortel, Endre"]
[Result "1-0"]
[WhiteElo "2184"]
[BlackElo "2305"]
[PlyCount "51"]
[EventDate "2004.09.26"]
[EventType "team"]
[EventRounds "11"]
[EventCountry "HUN"]
[SourceTitle "EXT 2009"]
[Source "ChessBase"]
[SourceDate "2008.11.26"]
[SourceVersion "1"]
[SourceVersionDate "2008.11.26"]
[SourceQuality "1"]
[WhiteTeam "Maroczy"]
[BlackTeam "Bege"]
[WhiteTeamCountry "HUN"]
[BlackTeamCountry "HUN"]

1. e4 e6 2. d4 d5 3. Nc3 Nf6 4. e5 Nfd7 5. f4 c5 6. Nf3 Nc6 7. Be3 cxd4 8. Nxd4 Nxd4 9. Bxd4 Nb8 10. Bd3 Nc6 11. Bf2 Bd7 12. 0-0 Nb4 13. Be2 a6 14. a3 Nc6 15. Bd3 Qc7 16. Na4 b5 17. Nc5 Nxe5 18. fxe5 Bxc5 19. Bxc5 Qxc5+ 20. Kh1 Qe7 21. Qh5 h6 22. Rf4 0-0 23. Rf6 gxf6 24. Qg4+ Kh8 25. Qh4 Kg7 26. Rf1 1-0